banner-ar

الجهات المانحة الدولية و الجمعيات الاهلية : (Record no. 61739)

MARC details
000 -الفاتح
حقل البيانات ثابتة الطول 01132nam a22002417a 4500
005 - وقت وتاريخ اخر تعامل مع التسجيلة
رقم الضبط 20240530110514.0
008 - عناصر البيانات ثابتة الطول - معلومات عامة
حقل البيانات ثابتة الطول 151224s2013 ua g b 000 0 ara d
017 ## - رقم الايداع القانونى
رقم الايداع القانونى 2012/13654
المصدر ( الهيئة المختصة) مصر . دار الكتب المصرية
020 ## - الرقم الدولى المعيارى للكتب
الرقم الدولى المعيارى للكتاب 9789773279936
040 ## - مصدر الفهرسة
وكالة الفهرسة الأصلية EG-CaGPL
082 04 - رقم تصنيف ديوى العشرى
رقم الطبعة 21
رقم التصنيف 366.6\
رقم المادة م ج
100 0# - المدخل الرئيسى - إسم شخصى
الإسم الشخصى محمود محمد هلال
245 12 - بيان العنوان
العنوان الجهات المانحة الدولية و الجمعيات الاهلية :
بقية العنوان رؤية معاصرة لتمويل المشروعات التنموية و بناء القدرات المؤسسية /
بيان المسئوليه,etc اعداد محمود محمد هلال ؛ تقديم ابراهيم عبدالهادى المليجى
250 ## - بيان الطبعة
بيان الطبعة ط1
260 ## - PUBLICATION, DISTRIBUTION, ETC. (IMPRINT)
تاريخ النشر أو التوزيع 2013 .
300 ## - الوصف المادى
التعداد 455 ص ؛
أبعاد الوعاء 24 سم .
504 ## - تبصرة ببليوجرافية
تبصرة ببليوجرافية,الخ يشتمل على ارجاعات ببليوجرافية
650 04 - المدخل الاضافى بالموضوع-مصطلح موضوعى
مصطلح موضوعي الجمعيات الاهلية
650 04 - المدخل الاضافى بالموضوع-مصطلح موضوعى
مصطلح موضوعي التنمية
700 0# - المدخل الاضافى - اسم شخصى
الإسم الشخصى ابراهيم عبدالهادى المليجى
الدور مقدم
942 ## - عناصر المدخل الإضافي( كوها)
مصدر التصنيف او مخطط الترفيف Dewey Decimal Classification
Koha [default] item type كتاب
260 ## - PUBLICATION, DISTRIBUTION, ETC. (IMPRINT)
-- الاسكندرية :
-- دار الوفاء لدنيا الطباعة و النشر ،
Holdings
حالة التراجع حالة الفقد حالة تلف ليس للاعارة المكان المؤقت الموقع الحالى تاريخ الاكتساب اجمالي اﻻعارات رقم الطلب الباركود تاريخ اخر مشاهدة تاريخ تفعيل السعر نوع وعاء كوها
        مكتبة القاهرة الكبرى مكتبة القاهرة الكبرى 12/24/2015   366.6\م ج 161104 12/24/2015 12/24/2015 كتاب

Powered By

EGPV